Mantenimiento de la maquinaria agrícola 1 /

Guardado en:
Autor Principal: Peñagaricano, Jorge A.
Formato: Libro
Publicado: Montevideo : Hemisferio Sur, 1987
Materias:
Etiquetas: Agregar Etiqueta
Sin Etiquetas, Sea el primero en etiquetar este registro!
LEADER 00780nam a22001935a 4500
001 CEM.cems017235
005 20091104153447.0
008 130507s1987##################000#0#####d
003 CEMS
082 0 4 |a 631.3 
100 1 |a Peñagaricano, Jorge A. 
245 1 0 |a Mantenimiento de la maquinaria agrícola 1 /  |c Jorge A. Peñagaricano 
260 |a Montevideo :  |b Hemisferio Sur,  |c 1987 
300 |a 197 p. 
505 0 |a Mantenimiento de maquinaria agrícola -- Mantenimiento diario -- Mantenimiento preventivo -- Resumen de tareas de mantenimiento de tractores agrícolas 
653 |a Maquinaria agrícola 
653 |a Maquinaria agrícola-mantenimiento 
859 |a CEMS  |b BIB. CEMS - Agricultura  |h 631.3  |i P313  |p A0980.09  |t Ej.1 
859 |a CEMS  |b BIB. CEMS - Agricultura  |h 631.3  |i P313  |p A0981.09  |t Ej.2